|
|
|
|
| LEADER |
00000nam0a2200000 4500 |
| 001 |
273765 |
| 005 |
20231101234648.0 |
| 020 |
|
|
|a RU
|b 87-72901
|
| 035 |
|
|
|a (RuTPU)RU\TPU\book\296975
|
| 090 |
|
|
|a 273765
|
| 100 |
|
|
|a 20141029d1987 k y0rusy5003 ca
|
| 101 |
0 |
|
|a rus
|
| 102 |
|
|
|a RU
|
| 105 |
|
|
|a a z 101zy
|
| 200 |
1 |
|
|a Вибрационная техника
|e материалы семинара
|f Всесоюзное общество "Знание" ; Московский Дом научно-технической пропаганды
|
| 210 |
|
|
|a Москва
|c Изд-во МДНТП
|d 1987
|
| 215 |
|
|
|a 145 с.
|c ил.
|
| 320 |
|
|
|a Библиогр. в конце докл.
|
| 606 |
1 |
|
|a Вибрационная техника
|2 stltpush
|3 (RuTPU)RU\TPU\subj\2444
|9 31015
|
| 610 |
1 |
|
|a вибрации
|
| 610 |
1 |
|
|a вибрационные процессы
|
| 610 |
1 |
|
|a вибрационные приводы
|
| 610 |
1 |
|
|a вибрационные воздействия
|
| 610 |
1 |
|
|a разрушающие методы
|
| 610 |
1 |
|
|a виброметрия
|
| 675 |
|
|
|a 62-868(063)
|z rus
|v 3
|
| 712 |
0 |
2 |
|a Всесоюзное общество "Знание"
|c (1963-1991)
|c (Москва)
|2 stltpush
|3 (RuTPU)RU\TPU\col\9744
|9 24745
|
| 712 |
0 |
2 |
|a Московский Дом научно-технической пропаганды
|2 stltpush
|3 (RuTPU)RU\TPU\col\7885
|9 24405
|
| 712 |
1 |
2 |
|a Вибрационная техника
|c семинар
|e Москва
|f 1987
|
| 801 |
|
0 |
|a RU
|b RuMRKP
|c 19950417
|g psbo
|
| 801 |
|
1 |
|a RU
|b 63413507
|c 20141029
|
| 801 |
|
2 |
|a RU
|b 63413507
|c 20151209
|g RCR
|
| 942 |
|
|
|c BK
|